Ako prepraviť tovar bez poškodenia

Aké sú povinnosti, chyby a kto má zodpovednosť pri zasielaní produktov.

Salvato in:
Dettagli Bibliografici
Natura: Capitolo di libro
Lingua:slovacco
Soggetti:
Tags: Aggiungi Tag
Nessun Tag, puoi essere il primo ad aggiungerne!!

MARC

LEADER 00000naa a2200000 4500
001 0281560
005 20240417075151.5
041 0 |a slo 
044 |a SK 
245 1 0 |a Ako prepraviť tovar bez poškodenia 
520 |a Aké sú povinnosti, chyby a kto má zodpovednosť pri zasielaní produktov. 
610 2 0 |a preprava 
610 2 0 |a tovar 
610 2 0 |a obaly 
610 2 0 |a zasielateľstvá